Modely daňovej sústavy na riadenie krátkodobej likvidity Slovenskej republiky

Informácia o zámeroch a cieľoch dizertačnej práce, obhajoba ktorej sa konala 24. septembra 2008.

Guardado en:
Detalles Bibliográficos
Autor principal: Pavlík, Martin
Formato: Capítulo de libro
Lenguaje:eslovaco
Materias:
Etiquetas: Agregar Etiqueta
Sin Etiquetas, Sea el primero en etiquetar este registro!

MARC

LEADER 00000naa$a2200000$$$4500
001 0097856
005 20240429121844.0
041 0 |a slo 
044 |a SK 
245 1 0 |a Modely daňovej sústavy na riadenie krátkodobej likvidity Slovenskej republiky  |c Martin Pavlík 
520 |a Informácia o zámeroch a cieľoch dizertačnej práce, obhajoba ktorej sa konala 24. septembra 2008. 
610 2 0 |a práce kvalifikačné 
610 2 0 |a sústava daňová 
610 2 0 |a modely ekonometrické 
610 2 0 |a likvidita 
610 2 0 |a Slovensko 
100 1 |a Pavlík, Martin